000 00553nam a2200169 i 4500
001 bg
245 0 _aComputer aided optimal design :
_bstructural and mechanical systems /
_ced by Carlos A. Mota Soares.
260 _aBerlin,
_c1988.
490 1 _aNATO ASI Series. F Computer and Systems Sciences ;
_vvol.27
700 1 _aSoares, Carlos A. Mota.
_eRed.
830 0 _aNATO ASI Series.
_pF Computer and Systems Sciences
040 _cBPK
041 _apol
080 _a624:621:681.322:519.6
942 _cKS
008 s pl f |000 0 pol
999 _c28730
_d28730
856 _uhttp://koha.tu.koszalin.pl/cgi-bin/koha/opac-detail.pl?biblionumber=28730
_yKatalog online BPK